<?xml version="1.0" encoding="UTF-8"?>
<record
    xmlns:xsi="http://www.w3.org/2001/XMLSchema-instance"
    xsi:schemaLocation="http://www.loc.gov/MARC21/slim http://www.loc.gov/standards/marcxml/schema/MARC21slim.xsd"
    xmlns="http://www.loc.gov/MARC21/slim">

  <leader>00529nrc a22001817a 4500</leader>
  <controlfield tag="003">OSt</controlfield>
  <controlfield tag="005">20200430180703.0</controlfield>
  <controlfield tag="008">200430b           ||||| |||| 00| 0 spa d</controlfield>
  <datafield tag="040" ind1=" " ind2=" ">
    <subfield code="c">Nr</subfield>
  </datafield>
  <datafield tag="082" ind1=" " ind2=" ">
    <subfield code="a">788</subfield>
    <subfield code="b">Y15t</subfield>
  </datafield>
  <datafield tag="110" ind1=" " ind2=" ">
    <subfield code="4">Alcaldia de Mosquera</subfield>
    <subfield code="b">Secretaria de Cultura</subfield>
  </datafield>
  <datafield tag="245" ind1=" " ind2=" ">
    <subfield code="a">TROMBON CON ESTUCHE COLOR NEGRO MARCA YAMAHA REF. YSL354</subfield>
    <subfield code="c">Secretaria de Cultura</subfield>
  </datafield>
  <datafield tag="300" ind1=" " ind2=" ">
    <subfield code="a">TROMBON CON ESTUCHE COLOR NEGRO</subfield>
  </datafield>
  <datafield tag="500" ind1=" " ind2=" ">
    <subfield code="a">buen estado</subfield>
  </datafield>
  <datafield tag="650" ind1=" " ind2=" ">
    <subfield code="2">Instrumento musical</subfield>
    <subfield code="v">Aer&#xF3;fono</subfield>
  </datafield>
  <datafield tag="710" ind1=" " ind2=" ">
    <subfield code="4">Alcald&#xED;a</subfield>
  </datafield>
  <datafield tag="942" ind1=" " ind2=" ">
    <subfield code="2">ddc</subfield>
    <subfield code="c">INST</subfield>
  </datafield>
  <datafield tag="999" ind1=" " ind2=" ">
    <subfield code="c">12117</subfield>
    <subfield code="d">12117</subfield>
  </datafield>
  <datafield tag="952" ind1=" " ind2=" ">
    <subfield code="0">0</subfield>
    <subfield code="1">0</subfield>
    <subfield code="2">ddc</subfield>
    <subfield code="4">0</subfield>
    <subfield code="7">0</subfield>
    <subfield code="8">ALMA</subfield>
    <subfield code="a">ALMA</subfield>
    <subfield code="b">ALMA</subfield>
    <subfield code="d">2017-09-30</subfield>
    <subfield code="i">42876</subfield>
    <subfield code="l">74</subfield>
    <subfield code="o">788 Y15t</subfield>
    <subfield code="p">42876</subfield>
    <subfield code="r">2026-06-10</subfield>
    <subfield code="s">2026-06-10</subfield>
    <subfield code="t">Ej 1</subfield>
    <subfield code="w">2020-04-30</subfield>
    <subfield code="y">INST</subfield>
    <subfield code="z">Pr&#xE9;stamo 5 horas</subfield>
  </datafield>
  <datafield tag="952" ind1=" " ind2=" ">
    <subfield code="0">0</subfield>
    <subfield code="1">0</subfield>
    <subfield code="2">ddc</subfield>
    <subfield code="4">0</subfield>
    <subfield code="7">0</subfield>
    <subfield code="8">ALMA</subfield>
    <subfield code="a">ALMA</subfield>
    <subfield code="b">ALMA</subfield>
    <subfield code="d">2017-09-30</subfield>
    <subfield code="i">42877</subfield>
    <subfield code="l">125</subfield>
    <subfield code="o">788 Y15t</subfield>
    <subfield code="p">42877</subfield>
    <subfield code="r">2026-06-20</subfield>
    <subfield code="s">2026-06-20</subfield>
    <subfield code="t">Ej 2</subfield>
    <subfield code="w">2020-04-30</subfield>
    <subfield code="y">INST</subfield>
    <subfield code="z">Pr&#xE9;stamo 5 horas</subfield>
  </datafield>
  <datafield tag="952" ind1=" " ind2=" ">
    <subfield code="0">0</subfield>
    <subfield code="1">0</subfield>
    <subfield code="2">ddc</subfield>
    <subfield code="4">0</subfield>
    <subfield code="7">0</subfield>
    <subfield code="8">ALMA</subfield>
    <subfield code="a">ALMA</subfield>
    <subfield code="b">ALMA</subfield>
    <subfield code="d">2017-09-30</subfield>
    <subfield code="i">42878</subfield>
    <subfield code="l">113</subfield>
    <subfield code="o">788 Y15t</subfield>
    <subfield code="p">42878</subfield>
    <subfield code="r">2026-03-21</subfield>
    <subfield code="s">2026-03-20</subfield>
    <subfield code="t">Ej 3</subfield>
    <subfield code="w">2020-04-30</subfield>
    <subfield code="y">INST</subfield>
    <subfield code="z">Pr&#xE9;stamo 5 horas</subfield>
  </datafield>
  <datafield tag="952" ind1=" " ind2=" ">
    <subfield code="0">0</subfield>
    <subfield code="1">0</subfield>
    <subfield code="2">ddc</subfield>
    <subfield code="4">0</subfield>
    <subfield code="7">0</subfield>
    <subfield code="8">ALMA</subfield>
    <subfield code="a">ALMA</subfield>
    <subfield code="b">ALMA</subfield>
    <subfield code="d">2017-09-30</subfield>
    <subfield code="i">42879</subfield>
    <subfield code="l">130</subfield>
    <subfield code="m">1</subfield>
    <subfield code="o">788 Y15t</subfield>
    <subfield code="p">42879</subfield>
    <subfield code="r">2026-06-20</subfield>
    <subfield code="s">2026-06-20</subfield>
    <subfield code="t">Ej 4</subfield>
    <subfield code="w">2020-04-30</subfield>
    <subfield code="y">INST</subfield>
    <subfield code="z">Pr&#xE9;stamo 5 horas</subfield>
  </datafield>
</record>
